[Event "Stuttgart op 22nd"]
[Site "Ditzingen"]
[Date "2017.05.26"]
[Round "3"]
[White "Kowalczyk, Pawel"]
[Black "Scherer, Holger"]
[Result "0-1"]
[WhiteElo "2347"]
[BlackElo "2158"]
[PlyCount "54"]
[EventDate "2017.05.25"]
[EventType "swiss"]
[EventRounds "7"]
[EventCountry "GER"]
[SourceTitle "EXT 2018"]
[Source "ChessBase"]
[SourceDate "2017.10.13"]
[SourceVersion "1"]
[SourceVersionDate "2017.10.13"]
[SourceQuality "1"]

1. d4 Nf6 2. c4 g6 3. Nc3 Bg7 4. e4 d6 5. f3 0-0 6. Be3 Nc6 7. Qd2 a6 8. 0-0-0 Rb8 9. Bh6 e5 10. d5 Nd4 11. g4 c5 12. h4 b5 13. h5 bxc4 14. Bxc4 Rb4 15. Bd3 Qa5 16. Bxg7 Kxg7 17. Nge2 Bd7 18. hxg6 fxg6 19. Qh6+ Kg8 20. g5 Nxe2+ 21. Nxe2 Qxa2 22. Kd2 Nxe4+ 23. fxe4 Rxb2+ 24. Ke3 Rf7 25. Rhf1 Bg4 26. Nc3 Rbf2 27. Qh1 Qb2 0-1

[Event "Stuttgart-chA int"]
[Site "Ditzingen"]
[Date "2013.05.10"]
[Round "4"]
[White "Dobosz, Henryk"]
[Black "Scherer, Holger"]
[Result "1-0"]
[WhiteElo "2374"]
[BlackElo "2131"]
[PlyCount "91"]
[EventDate "2013.05.09"]
[EventType "swiss"]
[EventRounds "7"]
[EventCountry "GER"]
[SourceTitle "EXT 2014"]
[Source "ChessBase"]
[SourceDate "2013.11.20"]
[SourceVersion "1"]
[SourceVersionDate "2013.11.20"]
[SourceQuality "1"]

1. c4 Nf6 2. Nc3 g6 3. e4 d6 4. d4 Bg7 5. h3 0-0 6. Bg5 h6 7. Be3 e5 8. d5 Kh7 9. g4 a5 10. Nge2 Na6 11. Ng3 b6 12. Be2 Nc5 13. h4 Ng8 14. h5 g5 15. Kf1 Bd7 16. b3 Qf6 17. Kg2 Rfb8 18. Qd2 Qd8 19. Rhb1 Bf8 20. Bd1 Ra7 21. a3 Rba8 22. f3 Nf6 23. Ra2 Ne8 24. Bc2 f6 25. Qd1 Ng7 26. Rba1 Qb8 27. Qb1 Ne8 28. b4 Nb7 29. Ba4 Qc8 30. Bxd7 Qxd7 31. Qb3 Ra6 32. Nh1 Qc8 33. Nf2 Kg7 34. Nd3 Kf7 35. Na4 Be7 36. c5 axb4 37. axb4 bxc5 38. bxc5 Nd8 39. c6 Kf8 40. Nc3 Rxa2+ 41. Rxa2 Qb8 42. Qc4 Nf7 43. Rxa8 Qxa8 44. Qa4 Qb8 45. Nb4 Nd8 46. Qb5 1-0

[Event "Schwarzach op 27th"]
[Site "Schwarzach"]
[Date "2012.08.26"]
[Round "9"]
[White "Lipok, Christoph"]
[Black "Scherer, Holger"]
[Result "1-0"]
[WhiteElo "2197"]
[BlackElo "2076"]
[PlyCount "83"]
[EventDate "2012.08.18"]
[EventType "swiss"]
[EventRounds "9"]
[EventCountry "AUT"]
[SourceTitle "CBM 150 Extra"]
[Source "ChessBase"]
[SourceDate "2012.10.19"]
[SourceVersion "1"]
[SourceVersionDate "2012.10.19"]
[SourceQuality "1"]

1. d4 Nf6 2. c4 g6 3. Nc3 Bg7 4. e4 d6 5. Nf3 0-0 6. Be2 Nbd7 7. 0-0 c5 8. d5 a6 9. a4 b6 10. Re1 Rb8 11. Bf1 Ne8 12. Bf4 h6 13. Qd2 Kh7 14. Bd3 f6 15. Be3 Nc7 16. Nh4 Ne5 17. f4 Nxd3 18. Qxd3 Qe8 19. f5 g5 20. Ng6 Rg8 21. h4 gxh4 22. Bf4 Bd7 23. Re3 Qd8 24. Rh3 Be8 25. Nxh4 Bf7 26. Qd2 Qf8 27. Kf2 Rh8 28. Rg3 b5 29. Rh1 h5 30. Ng6 Bxg6 31. Rxg6 Kg8 32. Bh6 Rh7 33. Rxh5 bxc4 34. Ne2 Kf7 35. Bxg7 Rxg7 36. Nf4 Ke8 37. Rh3 Rb4 38. Rhg3 Rxg6 39. fxg6 Kd7 40. g7 Qg8 41. Qe2 Rb8 42. Qg4+ 1-0

[Event "Wuerttemberg-ch MT"]
[Site "Lauffen am Neckar"]
[Date "2011.09.02"]
[Round "7"]
[White "Prestel, Oliver"]
[Black "Scherer, Holger"]
[Result "0-1"]
[WhiteElo "2130"]
[BlackElo "2099"]
[PlyCount "138"]
[EventDate "2011.08.27"]
[EventType "swiss"]
[EventRounds "9"]
[EventCountry "GER"]
[SourceTitle "EXT 2017"]
[Source "ChessBase"]
[SourceDate "2016.10.25"]
[SourceVersion "1"]
[SourceVersionDate "2016.10.25"]
[SourceQuality "1"]

1. c4 Nf6 2. Nc3 g6 3. e4 d6 4. d4 Bg7 5. Nf3 0-0 6. Be2 e5 7. 0-0 Nc6 8. d5 Ne7 9. Ne1 Ne8 10. Be3 f5 11. f3 f4 12. Bf2 g5 13. c5 Ng6 14. Rc1 Rf7 15. Qb3 h5 16. cxd6 cxd6 17. Nb5 a6 18. Na7 Bd7 19. h3 Qb8 20. Qb6 Bf6 21. Nc6 bxc6 22. dxc6 Be6 23. Nd3 Bd8 24. Qxb8 Rxb8 25. a3 Nc7 26. Ba7 Ra8 27. Bb6 Nb5 28. Bxd8 Rxd8 29. Nb4 a5 30. Bxb5 axb4 31. c7 Rc8 32. Rfd1 Rfxc7 33. Rxc7 Rxc7 34. Rxd6 bxa3 35. bxa3 Nf8 36. Be8 Rc1+ 37. Kh2 Bf7 38. Bb5 Ng6 39. Rd2 Ra1 40. a4 Be6 41. Be8 Nh4 42. Bxh5 Rxa4 43. Rd8+ Kg7 44. Re8 Kf6 45. Rf8+ Ke7 46. Re8+ Kd7 47. Rh8 Ra2 48. Kh1 Nxg2 49. Rh7+ Kc8 50. Rh6 Bb3 51. Rb6 Ba4 52. Rg6 Nh4 53. Rxg5 Bd1 54. Rxe5 Bxf3+ 55. Kg1 Re2 56. Bg4+ Bxg4 57. Rc5+ Kd7 58. hxg4 Rg2+ 59. Kf1 Rxg4 60. Ke2 Rg3 61. Rh5 Ng6 62. Kf2 Ke6 63. Rf5 Ra3 64. Rg5 Ne5 65. Rg8 Ra2+ 66. Kf1 f3 67. Re8+ Kd6 68. Rd8+ Kc6 69. Rf8 Kc5 0-1

[Event "Wuerttemberg-ch MT"]
[Site "Lauffen am Neckar"]
[Date "2011.08.30"]
[Round "4"]
[White "Weidel, Albrecht"]
[Black "Scherer, Holger"]
[Result "1-0"]
[WhiteElo "2157"]
[BlackElo "2099"]
[PlyCount "92"]
[EventDate "2011.08.27"]
[EventType "swiss"]
[EventRounds "9"]
[EventCountry "GER"]
[SourceTitle "EXT 2017"]
[Source "ChessBase"]
[SourceDate "2016.10.25"]
[SourceVersion "1"]
[SourceVersionDate "2016.10.25"]
[SourceQuality "1"]

1. e4 c5 2. Nf3 Nc6 3. Bb5 g6 4. 0-0 Bg7 5. Re1 Nf6 6. Bxc6 dxc6 7. h3 0-0 8. Qe2 b6 9. d3 Nd7 10. e5 Nb8 11. Nbd2 Na6 12. Nf1 Nc7 13. N1h2 Ne6 14. Bd2 Qd5 15. c4 Qd7 16. Rad1 Bb7 17. Ng4 h5 18. Ngh2 Rad8 19. Be3 Qc7 20. Qd2 Kh7 21. Bg5 Rd7 22. Re4 Rh8 23. Qe3 Qd8 24. g4 hxg4 25. Nxg4 Qf8 26. Kg2 Kg8 27. Kg3 Rh5 28. h4 Qb8 29. Kg2 Qd8 30. Kg3 Bc8 31. Kg2 Bb7 32. Nf6+ exf6 33. exf6 Bf8 34. Rxe6 Qc8 35. Re8 Rd8 36. Rxd8 Qxd8 37. Re1 Qd7 38. Ne5 Qf5 39. Qf3 Qc8 40. Qg4 Rh8 41. f3 Bd6 42. Qxc8+ Bxc8 43. Nxc6 Bd7 44. Nxa7 Kh7 45. Nb5 Bxb5 46. cxb5 Ra8 1-0

[Event "Daehne Cup final"]
[Site "Magdeburg"]
[Date "2011.06.25"]
[Round "5"]
[White "Schulz, Karsten"]
[Black "Scherer, Holger"]
[Result "1/2-1/2"]
[WhiteElo "2321"]
[BlackElo "2084"]
[PlyCount "38"]
[EventDate "2011.06.23"]
[EventType "swiss"]
[EventRounds "5"]
[EventCountry "GER"]
[SourceTitle "CBM 143 Extra"]
[Source "ChessBase"]
[SourceDate "2011.08.29"]
[SourceVersion "1"]
[SourceVersionDate "2011.08.29"]
[SourceQuality "1"]

1. Nf3 Nf6 2. g3 g6 3. b3 Bg7 4. Bb2 0-0 5. Bg2 d6 6. d4 Nbd7 7. 0-0 c5 8. c4 Rb8 9. Nc3 a6 10. a4 b6 11. Qd2 Bb7 12. d5 Bc8 13. Ne1 Ne8 14. Nc2 Nc7 15. Na3 Nf6 16. e4 Bd7 17. Nc2 b5 18. axb5 axb5 19. Ne3 Ng4 1/2-1/2

[Event "Stuttgart-chA int"]
[Site "Ditzingen"]
[Date "2010.05.16"]
[Round "7"]
[White "Scherer, Holger"]
[Black "Yin, Stanley"]
[Result "1/2-1/2"]
[WhiteElo "2082"]
[BlackElo "1976"]
[PlyCount "47"]
[EventDate "2010.05.13"]
[EventType "swiss"]
[EventRounds "7"]
[EventCountry "GER"]
[SourceTitle "EXT 2018"]
[Source "ChessBase"]
[SourceDate "2017.10.13"]
[SourceVersion "1"]
[SourceVersionDate "2017.10.13"]
[SourceQuality "1"]

1. e4 e5 2. f4 Bc5 3. Nf3 Nf6 4. fxe5 Nxe4 5. d4 Bb6 6. Qe2 d5 7. exd6 0-0 8. dxc7 Bxc7 9. Qxe4 Re8 10. Ne5 f6 11. Bd3 g6 12. Bc4+ Be6 13. Bxe6+ Rxe6 14. 0-0 fxe5 15. d5 Bb6+ 16. Kh1 Rf6 17. Rd1 Qf8 18. Nd2 Nd7 19. Nf3 Nc5 20. Qe2 e4 21. Ng1 Rf2 22. Qc4 Rc8 23. c3 Qf5 24. d6+ 1/2-1/2

[Event "Stuttgart-chA int"]
[Site "Ditzingen"]
[Date "2010.05.14"]
[Round "4"]
[White "Aring, Gerd"]
[Black "Scherer, Holger"]
[Result "1-0"]
[WhiteElo "2190"]
[BlackElo "2082"]
[PlyCount "43"]
[EventDate "2010.05.13"]
[EventType "swiss"]
[EventRounds "7"]
[EventCountry "GER"]
[SourceTitle "EXT 2018"]
[Source "ChessBase"]
[SourceDate "2017.10.13"]
[SourceVersion "1"]
[SourceVersionDate "2017.10.13"]
[SourceQuality "1"]

1. d4 Nf6 2. c4 g6 3. Nc3 Bg7 4. e4 d6 5. Nge2 0-0 6. Ng3 c6 7. Be2 e5 8. d5 c5 9. h4 h5 10. Bg5 Nbd7 11. Bxh5 gxh5 12. Nxh5 Qb6 13. Nxg7 Kxg7 14. Qd2 Rh8 15. Bxf6+ Nxf6 16. Qg5+ Kh7 17. Qxf6 Qxb2 18. Qxf7+ Kh6 19. Qf6+ Kh7 20. Qe7+ Kg8 21. Qg5+ Kf7 22. Qc1 1-0

[Event "Stuttgart-chA int"]
[Site "Ditzingen"]
[Date "2009.05.23"]
[Round "6"]
[White "Wenninger, Philipp"]
[Black "Scherer, Holger"]
[Result "1-0"]
[WhiteElo "1984"]
[BlackElo "2095"]
[PlyCount "89"]
[EventDate "2009.05.21"]
[EventType "swiss"]
[EventRounds "7"]
[EventCountry "GER"]
[SourceTitle "EXT 2018"]
[Source "ChessBase"]
[SourceDate "2017.10.13"]
[SourceVersion "1"]
[SourceVersionDate "2017.10.13"]
[SourceQuality "1"]

1. d4 Nf6 2. Nf3 g6 3. e3 Bg7 4. Bd3 0-0 5. 0-0 d6 6. b3 Nbd7 7. Bb2 c5 8. c4 cxd4 9. exd4 Nh5 10. Re1 a6 11. Nbd2 Rb8 12. Qc2 b6 13. Rac1 Nf4 14. Bf1 Nf6 15. Ne4 Bf5 16. Nxf6+ Bxf6 17. Qd2 Nh5 18. Bd3 Bg4 19. Be4 e6 20. Qd1 Bg5 21. Rc3 d5 22. cxd5 exd5 23. Bb1 Re8 24. Rxe8+ Qxe8 25. h3 Bxf3 26. Rxf3 Rb7 27. Bd3 Re7 28. Qc2 Re1+ 29. Kh2 b5 30. g3 Qe6 31. Ba3 Ng7 32. h4 Be7 33. Bc1 Qd7 34. Be3 Qd6 35. Qc3 Qb4 36. Qc8+ Bf8 37. Qd7 Qe7 38. Qxd5 Ne6 39. Qc6 Rd1 40. Qc2 Ra1 41. Qb2 Rd1 42. Qc2 Ra1 43. Kg2 h5 44. d5 Nd4 45. Bxd4 1-0

[Event "Staufer op 21st"]
[Site "Schwaebisch Gmuend"]
[Date "2009.01.05"]
[Round "8"]
[White "Tscharotschkin, Michael"]
[Black "Scherer, Holger"]
[Result "1/2-1/2"]
[WhiteElo "2263"]
[BlackElo "2090"]
[PlyCount "50"]
[EventDate "2009.01.02"]
[EventType "swiss"]
[EventRounds "9"]
[EventCountry "GER"]
[SourceTitle "CBM 128 Extra"]
[Source "ChessBase"]
[SourceDate "2009.03.05"]
[SourceVersion "2"]
[SourceVersionDate "2009.03.25"]
[SourceQuality "1"]

1. e4 c5 2. c3 d5 3. exd5 Qxd5 4. d4 Nf6 5. Nf3 Bg4 6. Nbd2 e6 7. Bc4 Qd8 8. Qa4+ Nbd7 9. Ne5 Bh5 10. Ne4 a6 11. Nxd7 Qxd7 12. Qxd7+ Nxd7 13. Be3 cxd4 14. Bxd4 Bg6 15. Ng3 e5 16. Be3 Bc5 17. Bxc5 Nxc5 18. 0-0-0 0-0 19. Rd5 Rac8 20. Rxe5 b5 21. Be2 b4 22. c4 b3 23. axb3 Nxb3+ 24. Kd1 Rfd8+ 25. Ke1 Nd4 1/2-1/2

[Event "Staufer op 21st"]
[Site "Schwaebisch Gmuend"]
[Date "2009.01.02"]
[Round "2"]
[White "Milov, Leonid"]
[Black "Scherer, Holger"]
[Result "1-0"]
[WhiteElo "2539"]
[BlackElo "2090"]
[PlyCount "129"]
[EventDate "2009.01.02"]
[EventType "swiss"]
[EventRounds "9"]
[EventCountry "GER"]
[SourceTitle "CBM 128 Extra"]
[Source "ChessBase"]
[SourceDate "2009.03.05"]
[SourceVersion "2"]
[SourceVersionDate "2009.03.25"]
[SourceQuality "1"]

1. e4 c5 2. Nf3 Nc6 3. d4 cxd4 4. Nxd4 Nf6 5. Nc3 e5 6. Ndb5 d6 7. Bg5 a6 8. Na3 Be6 9. Nc4 Rc8 10. Nd5 b5 11. Bxf6 gxf6 12. Nce3 Bh6 13. Bd3 Bxe3 14. Nxe3 Ne7 15. Qf3 Ng6 16. g3 h5 17. 0-0 h4 18. a4 Rb8 19. axb5 axb5 20. Ra6 Rg8 21. Kh1 Nf8 22. Rd1 hxg3 23. fxg3 Rb6 24. Nf5 Bxf5 25. exf5 Nd7 26. Bxb5 Rxa6 27. Bxa6 Qb6 28. Qa8+ Ke7 29. Qxg8 Qc6+ 30. Kg1 Qb6+ 31. Kg2 Qxa6 32. Rd2 Qa4 33. Kh3 e4 34. Re2 Ne5 35. Qc8 Qb5 36. c4 Qb3 37. Qa8 Qd1 38. Qxe4 Qf1+ 39. Kh4 Kf8 40. Re3 Qf2 41. Re2 Qf1 42. g4 Kg7 43. Kg3 Qg1+ 44. Rg2 Qd1 45. Re2 Qg1+ 46. Qg2 Qd4 47. Kh4 Qf4 48. Kh3 Qd4 49. Qe4 Qg1 50. Qf4 Qd1 51. Rd2 Qb3+ 52. Kg2 Qb7+ 53. Kg3 Qb3+ 54. Kg2 Qb7+ 55. Kh3 Qb3+ 56. Qg3 Nf3 57. Rxd6 Ng5+ 58. Kh4 Qb8 59. Rxf6 Nf3+ 60. Qxf3 Kxf6 61. Qc3+ Ke7 62. h3 Qf4 63. c5 Qh6+ 64. Kg3 Qc6 65. Qe5+ 1-0

[Event "Dresden ZMD op"]
[Site "Dresden"]
[Date "2007.07.27"]
[Round "7"]
[White "Scherer, Holger"]
[Black "Stabolewski, Andreas"]
[Result "0-1"]
[WhiteElo "2082"]
[BlackElo "2263"]
[PlyCount "44"]
[EventDate "2007.07.21"]
[EventType "swiss"]
[EventRounds "9"]
[EventCountry "GER"]
[SourceTitle "EXT 2008"]
[Source "ChessBase"]
[SourceDate "2007.11.25"]
[SourceVersion "1"]
[SourceVersionDate "2007.11.25"]
[SourceQuality "1"]

1. e4 c5 2. Nf3 Nc6 3. d4 cxd4 4. Nxd4 Nf6 5. Nc3 d6 6. Be2 e5 7. Nb3 Be7 8. 0-0 0-0 9. Bg5 Be6 10. Bxf6 Bxf6 11. Nd5 Bg5 12. Bg4 a5 13. h3 a4 14. Nd2 f5 15. Bxf5 Rxf5 16. exf5 Bxd5 17. Nf3 Bc4 18. Re1 Bf6 19. Nd2 Bf7 20. c3 d5 21. b3 e4 22. Rc1 Ne5 0-1

[Event "Dresden ZMD op"]
[Site "Dresden"]
[Date "2007.07.25"]
[Round "5"]
[White "Scherer, Holger"]
[Black "Wenzel, Birger"]
[Result "1-0"]
[WhiteElo "2082"]
[BlackElo "1838"]
[PlyCount "41"]
[EventDate "2007.07.21"]
[EventType "swiss"]
[EventRounds "9"]
[EventCountry "GER"]
[SourceTitle "EXT 2008"]
[Source "ChessBase"]
[SourceDate "2007.11.25"]
[SourceVersion "1"]
[SourceVersionDate "2007.11.25"]
[SourceQuality "1"]

1. e4 e6 2. d4 d5 3. Nc3 dxe4 4. Nxe4 Nd7 5. Nf3 Ngf6 6. Nxf6+ Nxf6 7. Bd3 Be7 8. 0-0 0-0 9. Ne5 c5 10. dxc5 Bxc5 11. Bg5 Be7 12. Qe2 Nd7 13. Bf4 Nxe5 14. Bxe5 Qb6 15. Rae1 Re8 16. Qg4 Bf8 17. Re3 Qb4 18. Qg3 Qe7 19. Rf3 b6 20. Bf6 Qd8 21. Qh4 1-0

[Event "Stuttgart-chA int"]
[Site "Gerlingen"]
[Date "2007.05.19"]
[Round "6"]
[White "Severin, Andreas"]
[Black "Scherer, Holger"]
[Result "1/2-1/2"]
[WhiteElo "1946"]
[BlackElo "2092"]
[PlyCount "78"]
[EventDate "2007.05.17"]
[EventType "swiss"]
[EventRounds "7"]
[EventCountry "GER"]
[SourceTitle "EXT 2018"]
[Source "ChessBase"]
[SourceDate "2017.10.13"]
[SourceVersion "1"]
[SourceVersionDate "2017.10.13"]
[SourceQuality "1"]

1. e3 Nf6 2. f4 g6 3. Nf3 Bg7 4. Be2 0-0 5. 0-0 d5 6. d3 c5 7. a4 Nc6 8. Qe1 a6 9. Nc3 Rb8 10. e4 dxe4 11. dxe4 Nd4 12. Bd1 Be6 13. e5 Nd5 14. Nxd4 cxd4 15. Ne4 Qb6 16. a5 Qc6 17. Qh4 Ne3 18. Bxe3 Qxe4 19. Bd2 d3 20. c3 f6 21. Re1 Qd5 22. Bf3 Qd7 23. exf6 Bxf6 24. Qf2 Bc4 25. h4 Qb5 26. b4 Bf7 27. h5 gxh5 28. Be4 Kh8 29. Re3 Rbd8 30. Qf3 Bd5 31. Qxh5 Bxe4 32. Qxb5 axb5 33. Rxe4 Rc8 34. Rd1 Rfd8 35. Kf2 Kg7 36. Ke3 Rd7 37. Rc1 e5 38. g3 exf4+ 39. gxf4 Kh8 1/2-1/2

[Event "Stuttgart-chA int"]
[Site "Ditzingen"]
[Date "2006.05.27"]
[Round "5"]
[White "Augner, Bjoern"]
[Black "Scherer, Holger"]
[Result "1-0"]
[WhiteElo "1971"]
[BlackElo "2115"]
[PlyCount "49"]
[EventDate "2006.05.25"]
[EventType "swiss"]
[EventRounds "7"]
[EventCountry "GER"]
[SourceTitle "EXT 2018"]
[Source "ChessBase"]
[SourceDate "2017.10.13"]
[SourceVersion "1"]
[SourceVersionDate "2017.10.13"]
[SourceQuality "1"]

1. Nf3 g6 2. c4 Bg7 3. Nc3 Nf6 4. e4 d6 5. d4 0-0 6. Be2 e5 7. 0-0 Nc6 8. d5 Ne7 9. b4 a5 10. Ba3 Nd7 11. bxa5 Rxa5 12. Bb4 Ra8 13. a4 h6 14. a5 f5 15. Nd2 Nf6 16. f3 f4 17. c5 Ne8 18. Nb5 g5 19. Nc4 Rf6 20. Rc1 Bf8 21. Nxc7 Qxc7 22. cxd6 Qd8 23. dxe7 Bxe7 24. Bxe7 Qxe7 25. Nb6 1-0

[Event "Stuttgart-chA"]
[Site "Stuttgart"]
[Date "2004.??.??"]
[Round "?"]
[White "Scherer, Holger"]
[Black "Schulte, Herbert"]
[Result "1-0"]
[WhiteElo "2095"]
[BlackElo "1795"]
[PlyCount "69"]
[EventDate "2004.05.20"]
[EventType "swiss"]
[EventRounds "7"]
[EventCountry "GER"]
[SourceTitle "EXT 2007"]
[Source "ChessBase"]
[SourceDate "2006.11.23"]
[SourceVersion "1"]
[SourceVersionDate "2006.11.23"]
[SourceQuality "1"]

1. e4 c5 2. Nf3 Nc6 3. d4 cxd4 4. Nxd4 d6 5. Nc3 Nf6 6. Be2 e6 7. 0-0 Be7 8. Be3 0-0 9. Kh1 a6 10. a4 Bd7 11. f4 Qc7 12. Nb3 Rfd8 13. a5 Re8 14. Bf3 Rac8 15. Bb6 Qb8 16. g4 Kh8 17. g5 Ng8 18. Bg2 Bd8 19. Bxd8 Rexd8 20. f5 f6 21. Qh5 Ne5 22. Nd2 exf5 23. exf5 fxg5 24. Qxg5 Nf6 25. Nde4 Nxe4 26. Bxe4 Bc6 27. f6 g6 28. f7 Nd7 29. Rae1 Rf8 30. Bxc6 bxc6 31. Re7 Qxb2 32. Qe3 Ne5 33. Rxe5 Qxc2 34. Re8 Qb3 35. Qd4# 1-0

[Event "Stuttgart-chA"]
[Site "Stuttgart"]
[Date "2004.??.??"]
[Round "?"]
[White "Steves, Dayanand"]
[Black "Scherer, Holger"]
[Result "0-1"]
[WhiteElo "1985"]
[BlackElo "2095"]
[PlyCount "124"]
[EventDate "2004.05.20"]
[EventType "swiss"]
[EventRounds "7"]
[EventCountry "GER"]
[SourceTitle "EXT 2007"]
[Source "ChessBase"]
[SourceDate "2006.11.23"]
[SourceVersion "1"]
[SourceVersionDate "2006.11.23"]
[SourceQuality "1"]

1. e4 c5 2. c3 Nf6 3. e5 Nd5 4. d4 cxd4 5. cxd4 d6 6. Nf3 e6 7. Nc3 Nxc3 8. bxc3 Nc6 9. exd6 Bxd6 10. Bd3 Be7 11. 0-0 0-0 12. Qe2 Qd5 13. Bf4 Qh5 14. Rad1 Bf6 15. Rfe1 b6 16. Be4 Bb7 17. d5 exd5 18. Rxd5 Qg4 19. Qe3 Ne7 20. Rb5 Bxe4 21. Qxe4 Bxc3 22. Bd6 Qd7 23. Bxe7 Qxb5 24. Bxf8 Rxf8 25. Rc1 Qb2 26. Qc2 Qxc2 27. Rxc2 Bb4 28. Rc7 a5 29. g3 h6 30. Nd4 Rd8 31. Rc4 Bc5 32. Nf3 Rd3 33. Kg2 Ra3 34. Rc2 Rd3 35. h4 a4 36. Ne5 Rd4 37. Nf3 Rb4 38. Rd2 a3 39. h5 Rb2 40. Rd8+ Kh7 41. Rd2 b5 42. Rxb2 axb2 43. Nd2 Bb4 44. Nb1 f5 45. Kf3 g5 46. g4 fxg4+ 47. Kxg4 Kg7 48. Kf5 Kf7 49. f3 Be1 50. Na3 b4 51. Nb1 Bg3 52. a3 bxa3 53. Nxa3 Bf2 54. Nb1 Be3 55. Na3 Ke7 56. Ke5 Bf4+ 57. Kd4 Kf6 58. Ke4 Bd6 59. Nb1 Bb4 60. f4 g4 61. f5 Kg5 62. f6 Kxh5 0-1